000 00434nam a2200181Ia 4500
001 44104
008 140428s9999 xx 000 0 und d
020 _aNA
040 _cPK-LaUMT
082 _aRHC 891.4394
_bBAS-M
100 _aBasharat Mahmood Mirza
245 _aMaqadmaat wa nazraat (Urdu)
_cBasharat Mahmood Mirza
260 _cNA
300 _a367 p.
546 _aUR
650 _aPakistan literature-Urdu
942 _cBK
999 _c42102
_d42102